000 01503nam a2200397 a 4500
001 000109960
003 CHAP
005 20220329144110.0
008 140616s2014 mx a |sm |||||||spa d
010 _a106422
011 _a107394
040 _cCHAP
090 _aTesis
100 1 _aCarmona Ceballos, Juan
_9127312
245 1 0 _aManejo de cochinilla rosada del hibisco Maconellicoccus hirsutus (Green) (Hemiptera:pseudococcidae) en el estado de Guerrero, México
_h[En línea]
_cpor Juan Carmona Ceballos.
260 _aChapingo, Méx. :
_bEl autor,
_c2014.
500 _aPara ver el contenido del material haga clic en la liga
502 _aTesis (Ing. Agr. Esp. en Fitotecnia) -- UACH. Departamento de Fitotecnia
590 _aBATCH-UPD
_b05
_c20140616
_lUCH01
_h1358
590 _aBATCH-UPD
_b05
_c20141002
_lUCH01
_h0904
590 _aBATCH
_b00
_c20181121
_lUCH01
_h0759
590 _aE5652GLJ
_b05
_c20140616
_lUCH01
_h0958
590 _aE5652GLJ
_b05
_c20140616
_lUCH01
_h1136
590 _aE5652GLJ
_b05
_c20140616
_lUCH01
_h1350
590 _aE5652GLJ
_b05
_c20140616
_lUCH01
_h1357
650 1 4 _aCochinilla rosada
_xControl.
_9127338
650 1 4 _aControl biológico de plagas.
_927587
650 1 4 _aControl de plagas
_zGuerrero.
_9127336
650 1 4 _aCultivos
_xVariedades.
_930332
650 1 4 _aManejo integrado de plagas.
_970365
856 _a1
_n0001290
856 _aFinding aid
_uhttp://10.13.5.2/tesis/sist109960.pdf
_zTeclea aquí
901 _aBK
942 _cTESIS
942 _n0
999 _c106422
_d106422